Central Library OPAC University of Rajshahi

Computer simulation of personality: (Record no. 29053)

MARC details
000 -LEADER
fixed length control field 01280nam a22003372a 4500
001 - CONTROL NUMBER
control field 29053
003 - CONTROL NUMBER IDENTIFIER
rucl marc code BD-RjUL
005 - DATE AND TIME OF LATEST TRANSACTION
control field 20211209051351.0
008 - FIXED-LENGTH DATA ELEMENTS--GENERAL INFORMATION
fixed length control field 140402s1963 nyu 000 0 eng u
035 ## - SYSTEM CONTROL NUMBER
System control number (BD-RjUL)29138
040 ## - CATALOGING SOURCE
Original cataloging agency JNA
Modifying agency OCL
-- WSU
-- UKM
-- BD-RjUL
Language of cataloging eng
Transcribing agency BD-RjUL
041 ## - LANGUAGE CODE
Language code of text/sound track or separate title eng
082 ## - DEWEY DECIMAL CLASSIFICATION NUMBER
Classification number 155.2072
Edition number 18
Author mark and year COM 1963
090 ## - LOCALLY ASSIGNED LC-TYPE CALL NUMBER (OCLC); LOCAL CALL NUMBER (OCLC)
Classification number (OCLC) (R) ; Classification number, CALL (RLIN) (NR) BF698
Local cutter number (OCLC) ; Book number/undivided call number, CALL (RLIN) .T5984
100 1# - MAIN ENTRY--PERSONAL NAME
Personal name Tomkins, Silvan S.
Fuller form of name (Silvan Solomon),
Dates associated with a name 1911-1991.
9 (RLIN) 88751
245 10 - TITLE STATEMENT
Title Computer simulation of personality:
Remainder of title frontier of psychological theory /
Statement of responsibility, etc. edited by Silvan S. Tomkins and Samuel Messick
260 ## - PUBLICATION, DISTRIBUTION, ETC. (IMPRINT)
Place of publication, distribution, etc. New York :
Name of publisher, distributor, etc. Wiley,
Date of publication, distribution, etc. 1963
300 ## - PHYSICAL DESCRIPTION
Pagination x, 325 p. :
Illustrations diagrs. ;
Size 24 cm
500 ## - GENERAL NOTE
General note "Papers and the formal discussions of these papers presented at a conference ... held at Educational Testing Service and Princeton University in June 1962."
504 ## - BIBLIOGRAPHY, ETC. NOTE
Bibliography, etc Bibliography: p. 319-325
650 #0 - SUBJECT ADDED ENTRY--TOPICAL TERM
Topical term or geographic name as entry element Psychology
General subdivision Mathematical models
9 (RLIN) 5235
Topical term or geographic name as entry element Personality
9 (RLIN) 88752
Topical term or geographic name as entry element Psychology
Form subdivision Congresses
9 (RLIN) 3826
Topical term or geographic name as entry element Cybernetics
General subdivision congresses.
9 (RLIN) 3760
Topical term or geographic name as entry element Personality
General subdivision congresses
9 (RLIN) 88753
700 1# - ADDED ENTRY--PERSONAL NAME
Personal name Messick, Samuel.
710 2# - ADDED ENTRY--CORPORATE NAME
Corporate name or jurisdiction name as entry element Educational Testing Service.
9 (RLIN) 88755
Corporate name or jurisdiction name as entry element Princeton University.
9 (RLIN) 88756
942 ## - ADDED ENTRY ELEMENTS (KOHA)
Source of classification or shelving scheme Dewey Decimal Classification
Koha item type Books
Holdings
Lost status Source of classification or shelving scheme Damaged status Not for loan Collection code Permanent Location Current Location Shelving location Date acquired Source of acquisition Cost, normal purchase price Total Checkouts Full call number Date last seen Copy number Koha item type
  Dewey Decimal Classification   Added to bundle Non-fiction Central Library, University of Rajshahi Central Library, University of Rajshahi Reading Room 25/11/1965 zeithinger 40.00   155.2072 COM 1963 02/04/2014 C-1 Books